[Event "Ostrava Konik op-A"]
[Site "Ostrava"]
[Date "2023.05.06"]
[Round "1"]
[White "Dzikowski, Michal"]
[Black "Lewtak, Damian"]
[Result "0-1"]
[WhiteElo "2061"]
[BlackElo "2381"]
[PlyCount "115"]
[EventDate "2023.05.06"]
[EventType "swiss"]
[EventRounds "9"]
[EventCountry "CZE"]
[SourceTitle "CBM 214 Extra"]
[Source "ChessBase"]
[SourceDate "2023.07.31"]
[SourceVersion "1"]
[SourceVersionDate "2023.07.31"]
[SourceQuality "1"]

1. Nf3 Nf6 2. g3 b6 3. Bg2 Bb7 4. 0-0 e6 5. c4 Be7 6. Nc3 0-0 7. b3 d5 8. cxd5 exd5 9. d4 Nbd7 10. Bb2 Ne4 11. Rc1 Re8 12. Nxe4 dxe4 13. Nd2 Bd6 14. Qc2 Nf6 15. Nc4 h5 16. Rfd1 Bd5 17. Nxd6 cxd6 18. e3 Qd7 19. Ba3 Rad8 20. Qe2 h4 21. gxh4 g6 22. h5 Nxh5 23. Rd2 Nf6 24. Rdc2 Re7 25. Qa6 Kg7 26. Rc8 Ree8 27. Rxd8 Rxd8 28. Qe2 Nh7 29. f3 Ng5 30. fxe4 Nxe4 31. Bxe4 Bxe4 32. d5 f6 33. Qf2 Bxd5 34. Qg3 Qe7 35. Bb2 Rf8 36. Qf4 Rf7 37. Rd1 Qe6 38. e4 Qxe4 39. Qxe4 Bxe4 40. Rxd6 g5 41. Kf2 Kg6 42. Kg3 Bb7 43. a4 Kf5 44. b4 Bc8 45. a5 bxa5 46. bxa5 Be6 47. Bd4 Rb7 48. Ra6 Rd7 49. Be3 Rd3 50. Kf2 Ra3 51. Rxa7 Ra2+ 52. Ke1 Rxh2 53. Rc7 Ra2 54. Bb6 g4 55. Rc5+ Ke4 56. Rc6 Kd5 57. Rc5+ Kd6 58. Rc3 0-1

[Event "POL-chT Academic"]
[Site "Chorzow"]
[Date "2021.05.16"]
[Round "7.12"]
[White "Kaminski, Maciej1111"]
[Black "Dzikowski, Michal"]
[Result "1-0"]
[WhiteElo "1858"]
[BlackElo "2118"]
[PlyCount "73"]
[EventDate "2021.05.15"]
[EventType "team-swiss (rapid)"]
[EventRounds "9"]
[EventCountry "POL"]
[SourceTitle "CBM 202 Extra"]
[Source "ChessBase"]
[SourceDate "2021.07.31"]
[SourceVersion "1"]
[SourceVersionDate "2021.07.31"]
[SourceQuality "1"]
[WhiteTeam "Warsaw Politechnik"]
[BlackTeam "Wroclaw Politechnik"]
[WhiteTeamCountry "POL"]
[BlackTeamCountry "POL"]

1. e4 c6 2. Nf3 d5 3. d3 dxe4 4. Ng5 Nf6 5. Nc3 Bg4 6. Qd2 h6 7. Ngxe4 Nxe4 8. dxe4 Qxd2+ 9. Bxd2 e5 10. Bc4 Nd7 11. f3 Bh5 12. 0-0-0 0-0-0 13. g4 Bg6 14. h4 h5 15. Bg5 f6 16. Be3 Bc5 17. Rd3 Bxe3+ 18. Rxe3 hxg4 19. fxg4 Kc7 20. h5 Nb6 21. Be6 Rd6 22. Bf5 Bf7 23. Rg1 Nc8 24. Reg3 Ne7 25. Rd1 Rxd1+ 26. Nxd1 g6 27. hxg6 Nxg6 28. g5 fxg5 29. Rxg5 Rh6 30. Ne3 Rh1+ 31. Kd2 Rh2+ 32. Kc3 Re2 33. Bxg6 Bxg6 34. Kd3 Rxe3+ 35. Kxe3 Be8 36. Rxe5 Bf7 37. Re7+ 1-0

[Event "POL-chT 2nd League"]
[Site "Poronin"]
[Date "2020.09.07"]
[Round "3.14"]
[White "Baum, Jonasz"]
[Black "Dzikowski, Michal"]
[Result "1/2-1/2"]
[WhiteElo "2299"]
[BlackElo "2144"]
[PlyCount "117"]
[EventDate "2020.09.05"]
[EventType "team-swiss"]
[EventRounds "9"]
[EventCountry "POL"]
[SourceTitle "CBM 198 Extra"]
[Source "ChessBase"]
[SourceDate "2020.11.30"]
[SourceVersion "1"]
[SourceVersionDate "2020.11.30"]
[SourceQuality "1"]
[WhiteTeam "Warszawa Czternastka"]
[BlackTeam "Wisznia Mala Bialy Krol II"]
[WhiteTeamCountry "POL"]
[BlackTeamCountry "POL"]

1. e4 c6 2. d4 d5 3. e5 Bf5 4. h4 h5 5. Bd3 Bxd3 6. Qxd3 e6 7. Bg5 Qb6 8. Nd2 Qa6 9. c4 Ne7 10. b3 Nd7 11. Ngf3 Nf5 12. 0-0 c5 13. Qc2 cxd4 14. cxd5 d3 15. Qc7 Qb6 16. Qc3 exd5 17. Rac1 Nc5 18. b4 Ne6 19. Qxd3 Ne7 20. a3 Qa6 21. Qb3 b5 22. Rc2 Qb7 23. Rfc1 Nc8 24. Qd3 Be7 25. Bxe7 Nxe7 26. Ng5 Qb6 27. Ndf3 Nf4 28. Qd2 Nfg6 29. Nxf7 Kxf7 30. Ng5+ Ke8 31. e6 Rf8 32. Rc5 Rf6 33. g3 Rd8 34. Qe2 a6 35. Qxh5 Rxe6 36. Nxe6 Qxe6 37. R5c2 Kf8 38. Qd1 Qf6 39. Re2 Ne5 40. f4 Nc4 41. Qd3 Nf5 42. Rce1 Qd4+ 43. Qxd4 Nxd4 44. Rf2 Nf5 45. Rf3 d4 46. Rd3 Kf7 47. Kf2 Nfe3 48. Kf3 Nc2 49. Re2 N4xa3 50. f5 Rd6 51. Kf4 g6 52. g4 gxf5 53. gxf5 Rh6 54. Kg5 Rh8 55. f6 Rg8+ 56. Kh5 Rh8+ 57. Kg5 Rg8+ 58. Kh5 Rh8+ 59. Kg5 1/2-1/2

[Event "Tatry op"]
[Site "Tatranske Zruby"]
[Date "2019.10.05"]
[Round "9"]
[White "Vyskocil, Neklan"]
[Black "Dzikowski, Michal"]
[Result "1-0"]
[WhiteElo "2306"]
[BlackElo "2136"]
[PlyCount "131"]
[EventDate "2019.09.28"]
[EventType "swiss"]
[EventRounds "9"]
[EventCountry "SVK"]
[SourceTitle "EXT 2020"]
[Source "ChessBase"]
[SourceDate "2019.10.17"]
[SourceVersion "1"]
[SourceVersionDate "2019.10.17"]
[SourceQuality "1"]

1. c4 Nf6 2. Nc3 e6 3. e4 d5 4. e5 d4 5. exf6 dxc3 6. bxc3 Qxf6 7. Nf3 c5 8. d4 h6 9. Rb1 Bd6 10. Bd3 Nc6 11. Be3 0-0 12. 0-0 e5 13. dxc5 Bc7 14. Nd2 Qe7 15. Be4 f5 16. Bd5+ Kh8 17. f3 Rb8 18. Qe2 Bd7 19. Bf2 Nd8 20. Rfe1 Bc6 21. Nb3 Qf6 22. Rbd1 Nf7 23. Bg3 Rbe8 24. Nc1 Rd8 25. Qc2 h5 26. Re2 h4 27. Bf2 Nh6 28. Red2 Rde8 29. Bxc6 bxc6 30. Rd7 Re7 31. Ne2 Rff7 32. Rxe7 Rxe7 33. Qd2 f4 34. Qc2 Nf5 35. h3 Qe6 36. Qe4 Ng3 37. Bxg3 hxg3 38. Nc1 Rd7 39. Rd3 Rd8 40. Rxd8+ Bxd8 41. Nd3 Qd7 42. Kf1 Bf6 43. Ke2 a5 44. Nxe5 Qb7 45. Ng6+ Kg8 46. Qe8+ Kh7 47. Nf8+ Kg8 48. Nd7+ Kh7 49. Qh5+ Kg8 50. Nxf6+ gxf6 51. Qg6+ Kh8 52. Qxf6+ Kg8 53. Qxf4 Qb2+ 54. Qd2 Qb1 55. a4 Qb3 56. Qd8+ Kf7 57. Qc7+ Kf8 58. Qd6+ Kf7 59. Qxc6 Qc2+ 60. Ke3 Qxg2 61. Qd7+ Kf6 62. Qd6+ Kf7 63. Qf4+ Ke7 64. Qg5+ Kf7 65. Qf5+ Ke7 66. Kf4 1-0

[Event "Tatry op"]
[Site "Tatranske Zruby"]
[Date "2019.10.03"]
[Round "7"]
[White "Kucera, Michal"]
[Black "Dzikowski, Michal"]
[Result "0-1"]
[WhiteElo "1944"]
[BlackElo "2136"]
[PlyCount "60"]
[EventDate "2019.09.28"]
[EventType "swiss"]
[EventRounds "9"]
[EventCountry "SVK"]
[SourceTitle "EXT 2020"]
[Source "ChessBase"]
[SourceDate "2019.10.17"]
[SourceVersion "1"]
[SourceVersionDate "2019.10.17"]
[SourceQuality "1"]

1. e4 c5 2. Nf3 e6 3. d4 cxd4 4. Nxd4 Nc6 5. Nc3 Qc7 6. a3 Nf6 7. Be2 Nxd4 8. Qxd4 Bc5 9. Qd3 a6 10. Be3 b5 11. 0-0 Bb7 12. Kh1 h5 13. Bxc5 Qxc5 14. Rad1 Rd8 15. f4 Ng4 16. Qd4 Qxd4 17. Rxd4 Ke7 18. Bxg4 hxg4 19. Kg1 Rh5 20. g3 Rc5 21. Rfd1 g5 22. Rd6 gxf4 23. gxf4 Bc6 24. e5 f6 25. exf6+ Kxf6 26. Kf2 Rh8 27. Kg1 Rch5 28. R1d2 Rh3 29. Nb1 g3 30. hxg3 Rh1+ 0-1

[Event "Tatry op"]
[Site "Tatranske Zruby"]
[Date "2019.09.29"]
[Round "3"]
[White "Jablonicky, Martin"]
[Black "Dzikowski, Michal"]
[Result "1-0"]
[WhiteElo "2342"]
[BlackElo "2136"]
[PlyCount "73"]
[EventDate "2019.09.28"]
[EventType "swiss"]
[EventRounds "9"]
[EventCountry "SVK"]
[SourceTitle "EXT 2020"]
[Source "ChessBase"]
[SourceDate "2019.10.17"]
[SourceVersion "1"]
[SourceVersionDate "2019.10.17"]
[SourceQuality "1"]

1. Nf3 Nf6 2. g3 d5 3. Bg2 c5 4. 0-0 Nc6 5. d4 e6 6. c4 dxc4 7. Qa4 Bd7 8. dxc5 Bxc5 9. Qxc4 Qe7 10. Bg5 Bb6 11. Nc3 h6 12. Qh4 Rg8 13. Bd2 Qb4 14. Qxb4 Nxb4 15. Ne5 Nbd5 16. Nxd7 Kxd7 17. Nxd5 Nxd5 18. Rfd1 Ke7 19. e4 Nc7 20. Bb4+ Kf6 21. Rd7 Kg6 22. e5 f5 23. exf6 gxf6 24. Be4+ f5 25. Bxb7 Rab8 26. Bf3 Na6 27. Re1 Rbe8 28. Bc3 Nc5 29. Rd6 Rd8 30. Rexe6+ Nxe6 31. Rxe6+ Kf7 32. Rxh6 Rd3 33. Rf6+ Ke7 34. Rxf5 Rxc3 35. bxc3 Rc8 36. Bd5 Rxc3 37. Kg2 1-0

[Event "Liberec op 19th"]
[Site "Liberec"]
[Date "2019.02.27"]
[Round "6"]
[White "Nemcova, Karin"]
[Black "Dzikowski, Michal"]
[Result "1-0"]
[WhiteElo "2033"]
[BlackElo "2132"]
[PlyCount "85"]
[EventDate "2019.02.23"]
[EventType "swiss"]
[EventRounds "9"]
[EventCountry "CZE"]
[SourceTitle "CBM 189 Extra"]
[Source "ChessBase"]
[SourceDate "2019.06.03"]
[SourceVersion "1"]
[SourceVersionDate "2019.06.03"]
[SourceQuality "1"]

1. d4 Nf6 2. c4 Nc6 3. Nc3 e5 4. d5 Ne7 5. h4 Neg8 6. Nf3 e4 7. Nd4 Bb4 8. Qc2 c6 9. Bf4 Ne7 10. d6 Ng6 11. Bg3 Qa5 12. e3 0-0 13. Be2 h5 14. 0-0 Bxc3 15. Nb3 Qf5 16. Qxc3 c5 17. Nd2 Qe6 18. b4 cxb4 19. Qxb4 b6 20. Nb3 Qf5 21. Rab1 Ba6 22. Qa3 Bc8 23. Nd4 Qc5 24. Qxc5 bxc5 25. Nb3 Bb7 26. Nxc5 Bc6 27. Nb3 Rfe8 28. Nd4 Rac8 29. Rb3 Kh7 30. Ra3 Ra8 31. Nxc6 dxc6 32. Ra5 Nf8 33. Bxh5 g6 34. Bd1 N8d7 35. Ba4 Rec8 36. Rb1 Nb6 37. c5 Nc4 38. Ra6 Rab8 39. Rc1 Rb4 40. Rxc6 Rcb8 41. Bb3 Na5 42. Rc7 Nxb3 43. axb3 1-0

[Event "Liberec op 19th"]
[Site "Liberec"]
[Date "2019.02.24"]
[Round "2"]
[White "Mikulas, Dusan"]
[Black "Dzikowski, Michal"]
[Result "1/2-1/2"]
[WhiteElo "1973"]
[BlackElo "2132"]
[PlyCount "53"]
[EventDate "2019.02.23"]
[EventType "swiss"]
[EventRounds "9"]
[EventCountry "CZE"]
[SourceTitle "CBM 189 Extra"]
[Source "ChessBase"]
[SourceDate "2019.06.03"]
[SourceVersion "1"]
[SourceVersionDate "2019.06.03"]
[SourceQuality "1"]

1. e4 c5 2. Nf3 e6 3. d4 cxd4 4. Nxd4 Nc6 5. Nc3 Qc7 6. Be2 a6 7. Be3 Nf6 8. a3 Be7 9. 0-0 0-0 10. Kh1 b5 11. f4 Rd8 12. e5 Ne8 13. Bd3 g6 14. Qf3 Bb7 15. Qg3 Bf8 16. Nxc6 Bxc6 17. Ne4 Bxe4 18. Bxe4 Rac8 19. f5 exf5 20. Bxf5 Bg7 21. Bd3 d6 22. exd6 Nxd6 23. Qf2 Re8 24. Bb6 Qb7 25. Bd4 f5 26. Rae1 Ne4 27. Qg1 1/2-1/2

[Event "Litomysl op 20th"]
[Site "Litomysl"]
[Date "2018.12.31"]
[Round "8"]
[White "Swicarz, Maciej"]
[Black "Dzikowski, Michal"]
[Result "1-0"]
[WhiteElo "2331"]
[BlackElo "2140"]
[PlyCount "103"]
[EventDate "2018.12.26"]
[EventType "swiss"]
[EventRounds "9"]
[EventCountry "CZE"]
[SourceTitle "CBM 188 Extra"]
[Source "ChessBase"]
[SourceDate "2019.02.26"]
[SourceVersion "1"]
[SourceVersionDate "2019.02.26"]
[SourceQuality "1"]

1. e4 c6 2. d4 d5 3. Nc3 dxe4 4. Nxe4 Nd7 5. Nf3 Ngf6 6. Nxf6+ Nxf6 7. c3 Bg4 8. h3 Bh5 9. g4 Bg6 10. Ne5 Nd7 11. Nxg6 hxg6 12. d5 Qc7 13. Bg2 Qe5+ 14. Be3 cxd5 15. Qxd5 e6 16. Qxb7 Rb8 17. Qc6 Bd6 18. 0-0-0 Ke7 19. Bxa7 Rbc8 20. Qe4 Qa5 21. Qd4 Qc7 22. Rhe1 Rhg8 23. Kb1 Nc5 24. f4 Rgd8 25. f5 gxf5 26. gxf5 Kf8 27. fxe6 Nxe6 28. Qb6 Qe7 29. Qf2 Kg8 30. Bb6 Rd7 31. Bd5 Bb8 32. Qf5 Rd6 33. Bd4 Qd7 34. Bxe6 fxe6 35. Qg4 Rd8 36. Rc1 Ba7 37. Bxa7 Qxa7 38. Rxe6 Rd2 39. Re2 Qb7 40. Rxd2 Rxd2 41. Qb4 Qd7 42. c4 Qd3+ 43. Ka1 Rd1 44. Qb8+ Kh7 45. Qf4 Qf3 46. Qg5 Rf1 47. a3 Qxh3 48. Ka2 Rf5 49. Qd2 g5 50. c5 Re5 51. c6 Qe6+ 52. Ka1 1-0

[Event "Rubinstein Memorial-A 54th"]
[Site "Polanica Zdroj"]
[Date "2018.08.22"]
[Round "5"]
[White "Luberanski, Jakub"]
[Black "Dzikowski, Michal"]
[Result "1-0"]
[WhiteElo "1763"]
[BlackElo "2155"]
[PlyCount "81"]
[EventDate "2018.08.18"]
[EventType "swiss"]
[EventRounds "9"]
[EventCountry "POL"]
[SourceTitle "CBM 186 Extra"]
[Source "ChessBase"]
[SourceDate "2018.08.24"]
[SourceVersion "1"]
[SourceVersionDate "2018.08.24"]
[SourceQuality "1"]

1. e4 c6 2. d4 d5 3. Nc3 dxe4 4. Nxe4 Bf5 5. Ng3 Bg6 6. h4 h6 7. Nf3 Nd7 8. h5 Bh7 9. Bd3 Bxd3 10. Qxd3 e6 11. Bd2 Ngf6 12. 0-0-0 Qc7 13. Ne4 Nxe4 14. Qxe4 Nf6 15. Qe2 0-0-0 16. g3 Bd6 17. c4 c5 18. Bc3 cxd4 19. Bxd4 Be7 20. Ne5 Bd6 21. Kb1 Bxe5 22. Bxe5 Qc5 23. Rde1 Ne8 24. g4 f6 25. Bc3 Nc7 26. f4 Rd7 27. Reg1 Rhd8 28. Qe4 Rd3 29. g5 Re3 30. Qc2 hxg5 31. fxg5 Rh3 32. gxf6 gxf6 33. Bxf6 Rf8 34. Be7 Qxe7 35. Rxh3 Qc5 36. Rgh1 Rf2 37. Qd3 Qe5 38. Qc3 Qe4+ 39. Ka1 Qf5 40. a3 Na6 41. h6 1-0

[Event "Pfalz op-A 9th"]
[Site "Neustadt an der Weinstrasse"]
[Date "2018.02.10"]
[Round "3"]
[White "Lenaerts, Lennert"]
[Black "Dzikowski, Michal"]
[Result "1/2-1/2"]
[WhiteElo "2326"]
[BlackElo "2158"]
[PlyCount "46"]
[EventDate "2018.02.09"]
[EventType "swiss"]
[EventRounds "9"]
[EventCountry "GER"]
[SourceTitle "CBM 182 Extra"]
[Source "ChessBase"]
[SourceDate "2018.02.23"]
[SourceVersion "1"]
[SourceVersionDate "2018.02.23"]
[SourceQuality "1"]

1. d4 Nf6 2. c4 Nc6 3. Nf3 e6 4. Nc3 Bb4 5. Qc2 d6 6. a3 Bxc3+ 7. Qxc3 Qe7 8. Bg5 h6 9. Bxf6 Qxf6 10. e3 a5 11. b3 e5 12. dxe5 dxe5 13. Be2 0-0 14. 0-0 Bg4 15. h3 Bh5 16. Rfe1 Rfd8 17. Nd2 Bxe2 18. Rxe2 Qg6 19. Nf1 Rd3 20. Qb2 Rad8 21. b4 Qe6 22. Rc2 axb4 23. axb4 e4 1/2-1/2

[Event "POL-chT3 Dolnoslaskie 1718"]
[Site "Poland"]
[Date "2018.01.07"]
[Round "6.11"]
[White "Piotrowski, Przemyslaw"]
[Black "Dzikowski, Michal"]
[Result "1-0"]
[WhiteElo "2305"]
[BlackElo "2147"]
[PlyCount "81"]
[EventDate "2017.10.08"]
[EventType "team-tourn"]
[EventRounds "11"]
[EventCountry "POL"]
[SourceTitle "EXT 2019"]
[Source "ChessBase"]
[SourceDate "2018.10.10"]
[SourceVersion "1"]
[SourceVersionDate "2018.10.10"]
[SourceQuality "1"]

1. e4 c6 2. d4 d5 3. exd5 cxd5 4. c4 Nf6 5. Nc3 Nc6 6. Nf3 Bg4 7. Be3 e6 8. c5 Be7 9. Qb3 Qc8 10. Qa4 0-0 11. Ne5 Bf5 12. Nxc6 bxc6 13. b4 e5 14. Be2 Qe6 15. 0-0 Ng4 16. Bxg4 Bxg4 17. f3 Bf5 18. Rfe1 Bh4 19. g3 Qg6 20. Ne2 exd4 21. Bf2 Bg5 22. Nxd4 Bd7 23. Rad1 h5 24. Qc2 Qxc2 25. Nxc2 Rfb8 26. a4 Bf6 27. Bd4 Bf5 28. Ne3 Bxd4 29. Rxd4 Be6 30. Rb1 Rb7 31. b5 Rab8 32. Rdb4 a5 33. R4b2 d4 34. Nc2 Bc4 35. Nxd4 cxb5 36. c6 Rb6 37. axb5 a4 38. Rb4 Bd3 39. Rd1 Bxb5 40. Rxb5 Rxb5 41. Nxb5 1-0